[Event "Vlissingen HZ op 20th"]
[Site "Vlissingen"]
[Date "2016.08.12"]
[Round "8"]
[White "Maris, Ivo"]
[Black "Go, Benjamin"]
[Result "0-1"]
[WhiteElo "2370"]
[BlackElo "2170"]
[PlyCount "138"]
[EventDate "2016.08.06"]
[EventType "swiss"]
[EventRounds "9"]
[EventCountry "NED"]
[SourceTitle "CBM 173 Extra"]
[Source "ChessBase"]
[SourceDate "2016.08.29"]
[SourceVersion "1"]
[SourceVersionDate "2016.08.29"]
[SourceQuality "1"]

1. Nf3 Nf6 2. g3 b6 3. d4 Bb7 4. c4 e6 5. Bg2 c5 6. d5 exd5 7. Nh4 g6 8. Nc3 Bg7 9. cxd5 0-0 10. 0-0 a6 11. a4 d6 12. Re1 Nbd7 13. h3 Qb8 14. Ra3 Re8 15. f4 b5 16. axb5 axb5 17. Nxb5 Ne4 18. Re3 f5 19. g4 Qd8 20. gxf5 Qxh4 21. Rxe4 Rxe4 22. Bxe4 Qxh3 23. Bg2 Qg3 24. Nxd6 Ra1 25. Ne4 Bd4+ 26. Kf1 Qh4 27. e3 Bxb2 28. Bxb2 Ba6+ 29. Kg1 Qxe1+ 30. Qxe1 Rxe1+ 31. Kh2 gxf5 32. Ng3 Bd3 33. d6 Be4 34. Bf1 Kf8 35. Bc3 Rxe3 36. Ba5 Ra3 37. Bd8 Rb3 38. Be7+ Ke8 39. Bc4 Rb2+ 40. Kh3 Nb6 41. Be6 Bd5 42. Bxf5 Kf7 43. Bg4 c4 44. Nf5 Be4 45. Nd4 c3 46. f5 c2 47. Bg5 Rb1 48. Ne2 Rh1+ 49. Kg3 h5 50. Bh3 h4+ 51. Kg4 Bxf5+ 52. Kxf5 Rxh3 53. Kg4 Rh2 54. Kf3 Ke6 55. Bf4 Rh1 56. Nd4+ Kd7 57. Nxc2 Nd5 58. Kg2 Rb1 59. Be5 Ke6 60. Nd4+ Kd7 61. Nf3 Ne3+ 62. Kh3 Rh1+ 63. Nh2 Ke6 64. Bf4 Nd5 65. Bg5 Kxd6 66. Kg2 Ra1 67. Bxh4 Ke6 68. Nf3 Kf5 69. Kg3 Ra3 0-1

[Event "Dieren op"]
[Site "Dieren"]
[Date "2015.07.29"]
[Round "8"]
[White "Van Osch, Mees"]
[Black "Go, Benjamin"]
[Result "1-0"]
[WhiteElo "2264"]
[BlackElo "2141"]
[PlyCount "65"]
[EventDate "2015.07.21"]
[EventType "swiss"]
[EventRounds "9"]
[EventCountry "NED"]
[SourceTitle "CBM 167 Extra"]
[Source "ChessBase"]
[SourceDate "2015.09.14"]
[SourceVersion "1"]
[SourceVersionDate "2015.09.14"]
[SourceQuality "1"]

1. e4 e5 2. Nf3 Nc6 3. Bc4 Nf6 4. Ng5 d5 5. exd5 Na5 6. Bb5+ c6 7. dxc6 bxc6 8. Bd3 Nd5 9. Nf3 Bd6 10. 0-0 0-0 11. Re1 Re8 12. Nc3 f5 13. Bf1 e4 14. Nd4 Bc5 15. Nce2 Qf6 16. c3 Nc4 17. d3 Ne5 18. dxe4 fxe4 19. Ng3 Ng4 20. f3 Nxh2 21. Rxe4 Bf5 22. Ngxf5 Qxf5 23. Bd3 Qh5 24. Bd2 Nf6 25. Rxe8+ Rxe8 26. Bf4 Nhg4 27. fxg4 Qh4 28. Qf3 Nxg4 29. Bg3 Qg5 30. Qf4 Qh5 31. Bc4+ Kh8 32. Bf7 Bxd4+ 33. cxd4 1-0

[Event "Dieren op"]
[Site "Dieren"]
[Date "2014.07.31"]
[Round "9"]
[White "Go, Benjamin"]
[Black "Maatman, Nick"]
[Result "0-1"]
[WhiteElo "2133"]
[BlackElo "2211"]
[PlyCount "46"]
[EventDate "2014.07.22"]
[EventType "swiss"]
[EventRounds "9"]
[EventCountry "NED"]
[SourceTitle "CBM 161 Extra"]
[Source "ChessBase"]
[SourceDate "2014.08.29"]
[SourceVersion "1"]
[SourceVersionDate "2014.08.29"]
[SourceQuality "1"]

1. e4 c6 2. d4 d5 3. Nc3 dxe4 4. Nxe4 Nf6 5. Nxf6+ exf6 6. Nf3 Bd6 7. Bd3 0-0 8. Be3 Bg4 9. h3 Bh5 10. g4 Bg6 11. Nh4 Bxd3 12. Qxd3 Qa5+ 13. c3 Re8 14. Nf5 Bc7 15. Rg1 g6 16. 0-0-0 Nd7 17. Bh6 Qxa2 18. Qd2 Nb6 19. g5 Nc4 20. gxf6 Nxd2 21. Bg7 Qb1+ 22. Kxd2 Qxb2+ 23. Kd3 Qe2# 0-1

[Event "Groningen op-A 51st"]
[Site "Groningen"]
[Date "2013.12.22"]
[Round "2"]
[White "Mollema, Thomas"]
[Black "Go, Benjamin"]
[Result "1/2-1/2"]
[WhiteElo "1977"]
[BlackElo "2140"]
[PlyCount "79"]
[EventDate "2013.12.21"]
[EventType "swiss"]
[EventRounds "9"]
[EventCountry "NED"]
[SourceTitle "CBM 158 Extra"]
[Source "ChessBase"]
[SourceDate "2014.02.28"]
[SourceVersion "1"]
[SourceVersionDate "2014.02.28"]
[SourceQuality "1"]

1. e4 d6 2. d4 Nf6 3. Nc3 g6 4. g3 Bg7 5. Bg2 c6 6. Nge2 Qc7 7. h3 Nbd7 8. Be3 b5 9. f4 Nb6 10. b3 Bb7 11. Qd2 Rd8 12. 0-0 b4 13. Nd1 c5 14. Nf2 0-0 15. c4 bxc3 16. Qxc3 Ba6 17. Rfe1 Rc8 18. Rac1 Bxe2 19. Rxe2 Qd7 20. Qe1 cxd4 21. Bxd4 Nh5 22. Bxg7 Kxg7 23. Kh2 e5 24. fxe5 dxe5 25. Ng4 Qe7 26. Rec2 Qg5 27. Rxc8 Nxc8 28. Rc5 Re8 29. Qc3 Nd6 30. Rxe5 Rxe5 31. Qxe5+ Qxe5 32. Nxe5 Nf6 33. Nc6 Nfxe4 34. Nxa7 f5 35. a4 Kf6 36. b4 Ke5 37. a5 Kd4 38. b5 Kc5 39. b6 Nb7 40. g4 1/2-1/2

[Event "Dieren op"]
[Site "Dieren"]
[Date "2013.08.01"]
[Round "9"]
[White "Hachijan, Armen"]
[Black "Go, Benjamin"]
[Result "1-0"]
[WhiteElo "2214"]
[BlackElo "2175"]
[PlyCount "81"]
[EventDate "2013.07.23"]
[EventType "swiss"]
[EventRounds "9"]
[EventCountry "NED"]
[SourceTitle "EXT 2015"]
[Source "ChessBase"]
[SourceDate "2014.11.20"]
[SourceVersion "1"]
[SourceVersionDate "2014.11.20"]
[SourceQuality "1"]

1. Nf3 Nf6 2. g3 d5 3. Bg2 c6 4. 0-0 Bf5 5. d3 e6 6. Nbd2 Be7 7. Qe1 Nbd7 8. e4 dxe4 9. dxe4 Bg6 10. b3 Bb4 11. Qe3 Qb6 12. Qe2 Qc5 13. c4 Qh5 14. h3 Bc3 15. Rb1 Ne5 16. g4 Nfxg4 17. hxg4 Nxg4 18. Rd1 0-0-0 19. Nf1 Rxd1 20. Qxd1 Bxe4 21. Ng3 Bxf3 22. Qxf3 Qg6 23. Ne4 Bd4 24. Be3 Bxe3 25. fxe3 Rd8 26. c5 Rd5 27. Rf1 f5 28. Nd6+ Kd7 29. Qg3 b6 30. Bxd5 cxd5 31. cxb6 axb6 32. Nb5 Nxe3 33. Qxg6 hxg6 34. Rf3 Ng4 35. Rc3 e5 36. Rc7+ Ke6 37. Rc6+ Ke7 38. Rxg6 Kf7 39. Rxb6 f4 40. Rd6 f3 41. Nc3 1-0

[Event "Dieren op"]
[Site "Dieren"]
[Date "2013.07.30"]
[Round "7"]
[White "Maatman, Nick"]
[Black "Go, Benjamin"]
[Result "1-0"]
[WhiteElo "2207"]
[BlackElo "2175"]
[PlyCount "75"]
[EventDate "2013.07.23"]
[EventType "swiss"]
[EventRounds "9"]
[EventCountry "NED"]
[SourceTitle "EXT 2015"]
[Source "ChessBase"]
[SourceDate "2014.11.20"]
[SourceVersion "1"]
[SourceVersionDate "2014.11.20"]
[SourceQuality "1"]

1. e4 d6 2. d4 Nf6 3. f3 Nbd7 4. c4 g6 5. Nc3 Bg7 6. Be3 0-0 7. Nge2 e5 8. d5 Ne8 9. Qd2 f5 10. 0-0-0 f4 11. Bf2 a6 12. Kb1 Kh8 13. Nc1 Ndf6 14. c5 Qe7 15. Na4 Bd7 16. cxd6 Nxd6 17. Nc5 Rad8 18. Nxd7 Rxd7 19. Qc2 a5 20. Nb3 b6 21. Nd2 Rc8 22. Qc6 Qd8 23. Rc1 Ng8 24. Bb5 Nxb5 25. Qxb5 Ne7 26. Nc4 Rb8 27. Rc2 Nc8 28. Rhc1 Na7 29. Qb3 Ra8 30. a4 Rb8 31. Qc3 Nc8 32. Nxe5 Ra8 33. Bd4 c5 34. dxc6 Rc7 35. Rd2 Raa7 36. Nf7+ Rxf7 37. Bxg7+ Rxg7 38. Rxd8# 1-0

[Event "Groningen op-A 50th"]
[Site "Groningen"]
[Date "2012.12.27"]
[Round "6"]
[White "Van Osch, Mees"]
[Black "Go, Benjamin"]
[Result "1-0"]
[WhiteElo "2090"]
[BlackElo "2168"]
[PlyCount "53"]
[EventDate "2012.12.21"]
[EventType "swiss"]
[EventRounds "9"]
[EventCountry "NED"]
[SourceTitle "CBM 152 Extra"]
[Source "ChessBase"]
[SourceDate "2013.02.25"]
[SourceVersion "1"]
[SourceVersionDate "2013.02.25"]
[SourceQuality "1"]

1. e4 d6 2. d4 Nf6 3. Nc3 g6 4. Be3 c6 5. h3 b5 6. e5 dxe5 7. dxe5 Qxd1+ 8. Rxd1 Nfd7 9. f4 Bb7 10. Nf3 e6 11. Be2 a6 12. a4 b4 13. Ne4 c5 14. Nd6+ Bxd6 15. Rxd6 Ke7 16. Kf2 Bd5 17. Nd2 f6 18. Bc4 fxe5 19. fxe5 Bxc4 20. Nxc4 Nxe5 21. Bxc5 Nxc4 22. Rxa6+ Kd7 23. Rxa8 Kc6 24. Ba7 Rf8+ 25. Ke2 Nd7 26. Rxf8 Nxf8 27. Rf1 1-0

[Event "Groningen op-A 50th"]
[Site "Groningen"]
[Date "2012.12.24"]
[Round "4"]
[White "Van Foreest, Lucas"]
[Black "Go, Benjamin"]
[Result "0-1"]
[WhiteElo "2003"]
[BlackElo "2168"]
[PlyCount "134"]
[EventDate "2012.12.21"]
[EventType "swiss"]
[EventRounds "9"]
[EventCountry "NED"]
[SourceTitle "CBM 152 Extra"]
[Source "ChessBase"]
[SourceDate "2013.02.25"]
[SourceVersion "1"]
[SourceVersionDate "2013.02.25"]
[SourceQuality "1"]

1. e4 d6 2. d4 Nf6 3. Nc3 g6 4. f4 Bg7 5. Nf3 c5 6. Bb5+ Bd7 7. e5 Ng4 8. e6 fxe6 9. Ng5 Bxb5 10. Nxe6 Bxd4 11. Nxb5 Qa5+ 12. c3 Bf2+ 13. Kd2 Be3+ 14. Kc2 Qa4+ 15. b3 Qe4+ 16. Qd3 Qxg2+ 17. Bd2 Qxd2+ 18. Qxd2 Bxd2 19. Kxd2 Kd7 20. Nec7 a6 21. Nxa8 axb5 22. a4 bxa4 23. Nb6+ Kc6 24. Nxa4 Rf8 25. Raf1 b5 26. Nb2 Nd7 27. Nd3 Ndf6 28. Re1 Nd5 29. Re4 Ra8 30. Rc1 Nxh2 31. c4 bxc4 32. bxc4 Ra2+ 33. Rc2 Nf1+ 34. Kc1 Rxc2+ 35. Kxc2 Nde3+ 36. Kc3 Nf5 37. Re1 N1e3 38. Ra1 Kd7 39. Ra7+ Ke6 40. Nf2 d5 41. Nd3 dxc4 42. Nxc5+ Kf7 43. Ne4 Nd5+ 44. Kxc4 Nxf4 45. Ng5+ Kg7 46. Ra1 h6 47. Nf3 g5 48. Rg1 Kf6 49. Nd2 Ne3+ 50. Kc5 Kf5 51. Rg3 Ng4 52. Rg1 Ne5 53. Nf1 h5 54. Ng3+ Kg6 55. Rh1 h4 56. Ne4 Nf3 57. Nf2 Kf5 58. Nd1 g4 59. Ne3+ Kg5 60. Kc6 g3 61. Rf1 Ne5+ 62. Kc7 h3 63. Kd8 g2 64. Rb1 Kf6 65. Ke8 e6 66. Kf8 Ne2 67. Nd5+ exd5 0-1

[Event "Groningen op-A 50th"]
[Site "Groningen"]
[Date "2012.12.23"]
[Round "3"]
[White "Go, Benjamin"]
[Black "Mammadova, Gulnar Marfat Qizi"]
[Result "0-1"]
[WhiteElo "2168"]
[BlackElo "2363"]
[PlyCount "44"]
[EventDate "2012.12.21"]
[EventType "swiss"]
[EventRounds "9"]
[EventCountry "NED"]
[SourceTitle "CBM 152 Extra"]
[Source "ChessBase"]
[SourceDate "2013.02.25"]
[SourceVersion "1"]
[SourceVersionDate "2013.02.25"]
[SourceQuality "1"]

1. e4 e6 2. Nf3 d5 3. Nc3 Nf6 4. e5 Nfd7 5. d4 c5 6. dxc5 Nc6 7. Bf4 Bxc5 8. Bd3 f6 9. exf6 Nxf6 10. Qe2 0-0 11. 0-0-0 Bd7 12. h4 a6 13. h5 Bb4 14. Bd2 Qe7 15. g4 e5 16. g5 Bxc3 17. Bxc3 Ng4 18. Bxh7+ Kxh7 19. Rxd5 Be6 20. Nxe5 Qxg5+ 21. Kb1 Bxd5 22. Qd3+ Qf5 0-1

[Event "NED-chT 1213"]
[Site "Netherlands"]
[Date "2012.11.03"]
[Round "3.10"]
[White "Go, Benjamin"]
[Black "Klip, Hans"]
[Result "1-0"]
[WhiteElo "2165"]
[BlackElo "2376"]
[PlyCount "161"]
[EventDate "2012.09.15"]
[EventType "team-tourn"]
[EventRounds "9"]
[EventCountry "NED"]
[SourceTitle "EXT 2013"]
[Source "ChessBase"]
[SourceDate "2012.11.22"]
[SourceVersion "1"]
[SourceVersionDate "2012.11.22"]
[SourceQuality "1"]
[WhiteTeam "Kennemer Combinatie"]
[BlackTeam "Utrecht"]
[WhiteTeamCountry "NED"]
[BlackTeamCountry "NED"]

1. e4 e5 2. Nf3 Nc6 3. Bc4 Nf6 4. d4 exd4 5. 0-0 Nxe4 6. Re1 d5 7. Bxd5 Qxd5 8. Nc3 Qa5 9. Nxe4 Be6 10. Neg5 0-0-0 11. Nxe6 fxe6 12. Rxe6 Bd6 13. Qe2 h6 14. Bd2 Qh5 15. h3 Rhf8 16. Re1 Qf5 17. Qe4 Qxe4 18. R1xe4 Bc5 19. a3 a6 20. b4 Bb6 21. c4 dxc3 22. Bxc3 Rd1+ 23. Re1 Rxe1+ 24. Rxe1 Rf7 25. Re6 Ne7 26. Ne5 Rxf2 27. Rxb6 Rxg2+ 28. Kxg2 cxb6 29. Nc4 b5 30. Nd6+ Kc7 31. Ne8+ Kc6 32. Bxg7 Kd7 33. Nf6+ Ke6 34. Ne4 Nf5 35. Bf8 b6 36. Kf2 h5 37. Ng3 Nd4 38. Nxh5 Nc2 39. Kf3 Nxa3 40. Ke4 Nc4 41. Bg7 a5 42. Nf4+ Kf7 43. Bc3 Kg8 44. Ng6 Kh7 45. Ne5 axb4 46. Bxb4 Na5 47. Kf5 Nb3 48. Nd7 Nd4+ 49. Ke4 Nc6 50. Bd2 b4 51. Nxb6 Kg6 52. Kf4 Kh5 53. Kg3 b3 54. Bc3 Nb4 55. Nc4 Nd3 56. Nd2 b2 57. Nb1 Kg5 58. h4+ Kh5 59. Bd4 Kh6 60. Kg4 Kg6 61. h5+ Kh6 62. Na3 Kh7 63. Kg5 Kg8 64. Nb1 Kh7 65. Bf6 Kg8 66. Be7 Ne5 67. Ba3 Nc4 68. Bb4 Ne5 69. Kf5 Nd3 70. Bd6 Kh7 71. Kg5 Ne1 72. h6 Nf3+ 73. Kh5 Nd4 74. Be5 Nf5 75. Bf4 Ne7 76. Nd2 Nf5 77. Bg5 Nd6 78. Be7 Ne4 79. Nb1 Ng3+ 80. Kg4 Ne4 81. Kf3 1-0

[Event "Hoogeveen Unive op 16th"]
[Site "Hoogeveen"]
[Date "2012.10.20"]
[Round "2"]
[White "Henseler, Jorgen"]
[Black "Go, Benjamin"]
[Result "1-0"]
[WhiteElo "2062"]
[BlackElo "2175"]
[PlyCount "57"]
[EventDate "2012.10.19"]
[EventType "swiss"]
[EventRounds "9"]
[EventCountry "NED"]
[SourceTitle "EXT 2013"]
[Source "ChessBase"]
[SourceDate "2012.11.22"]
[SourceVersion "1"]
[SourceVersionDate "2012.11.22"]
[SourceQuality "1"]

1. e4 d6 2. d4 Nf6 3. Nc3 g6 4. f4 Bg7 5. Nf3 c5 6. e5 Nfd7 7. e6 fxe6 8. Ng5 Nf6 9. dxc5 Nc6 10. Bb5 0-0 11. Bxc6 bxc6 12. 0-0 Nd5 13. Nce4 e5 14. fxe5 Bxe5 15. c3 Ba6 16. Rf3 Qd7 17. Qe1 h6 18. Rxf8+ Rxf8 19. Nf3 Qg4 20. Nf2 Qf5 21. Bxh6 Rf6 22. Qe4 Bxh2+ 23. Kxh2 Qh5+ 24. Kg1 Qxh6 25. Ng4 Qh5 26. Nxf6+ Nxf6 27. Qe6+ Kf8 28. cxd6 Qc5+ 29. Nd4 1-0

[Event "Vlissingen HZ op 16th"]
[Site "Vlissingen"]
[Date "2012.08.11"]
[Round "9"]
[White "Kuijpers, Jos"]
[Black "Go, Benjamin"]
[Result "1-0"]
[WhiteElo "1996"]
[BlackElo "2169"]
[PlyCount "57"]
[EventDate "2012.08.04"]
[EventType "swiss"]
[EventRounds "9"]
[EventCountry "NED"]
[SourceTitle "CBM 149 Extra"]
[Source "ChessBase"]
[SourceDate "2012.08.24"]
[SourceVersion "1"]
[SourceVersionDate "2012.08.24"]
[SourceQuality "1"]

1. b3 e5 2. Bb2 Nc6 3. e3 d5 4. Bb5 Bd6 5. f4 Qe7 6. Nf3 Bg4 7. h3 Bxf3 8. Qxf3 Nf6 9. fxe5 Bxe5 10. d4 Bd6 11. c4 Bb4+ 12. Kd1 0-0-0 13. Bxc6 bxc6 14. c5 Rhe8 15. a3 Bxc5 16. dxc5 d4 17. exd4 Qxc5 18. Nd2 Rxd4 19. Bxd4 Qxd4 20. Kc2 Re3 21. Qf5+ Kb7 22. Ra2 Nd5 23. Qxh7 f5 24. Qxf5 Re2 25. Kc1 Re5 26. Qf8 Nc3 27. Rc2 Rc5 28. Nc4 Rb5 29. Qf3 1-0

[Event "Vlissingen HZ op 16th"]
[Site "Vlissingen"]
[Date "2012.08.10"]
[Round "8"]
[White "Go, Benjamin"]
[Black "Helbig, Mark"]
[Result "0-1"]
[WhiteElo "2169"]
[BlackElo "2325"]
[PlyCount "60"]
[EventDate "2012.08.04"]
[EventType "swiss"]
[EventRounds "9"]
[EventCountry "NED"]
[SourceTitle "CBM 149 Extra"]
[Source "ChessBase"]
[SourceDate "2012.08.24"]
[SourceVersion "1"]
[SourceVersionDate "2012.08.24"]
[SourceQuality "1"]

1. e4 c6 2. d4 d5 3. Nc3 dxe4 4. f3 exf3 5. Nxf3 Nf6 6. Bc4 Bf5 7. 0-0 e6 8. Ng5 Bg6 9. Ne2 Bd6 10. Nf4 Bxf4 11. Bxf4 Nd5 12. Bd2 Nd7 13. Bb3 N7f6 14. c4 Ne7 15. Nf3 0-0 16. Bg5 Ne4 17. Bh4 Qc7 18. Bc2 Nf5 19. Be1 Ne3 20. Qe2 Nxc2 21. Qxc2 Ng3 22. Bxg3 Qxg3 23. Qc3 Qd6 24. Ne5 c5 25. Rad1 Rad8 26. dxc5 Qxc5+ 27. Kh1 Be4 28. Nd7 Rxd7 29. Rxd7 Bxg2+ 30. Kxg2 Qc6+ 0-1

[Event "Vlissingen HZ op 16th"]
[Site "Vlissingen"]
[Date "2012.08.07"]
[Round "5"]
[White "Ris, Robert"]
[Black "Go, Benjamin"]
[Result "0-1"]
[WhiteElo "2415"]
[BlackElo "2169"]
[PlyCount "48"]
[EventDate "2012.08.04"]
[EventType "swiss"]
[EventRounds "9"]
[EventCountry "NED"]
[SourceTitle "CBM 149 Extra"]
[Source "ChessBase"]
[SourceDate "2012.08.24"]
[SourceVersion "1"]
[SourceVersionDate "2012.08.24"]
[SourceQuality "1"]

1. d4 d5 2. c4 c6 3. Nf3 Nf6 4. Nc3 dxc4 5. a4 Bf5 6. Ne5 Nbd7 7. Nxc4 Nb6 8. Ne5 a5 9. Rg1 h5 10. Bg5 g6 11. f3 Bg7 12. e4 Be6 13. h3 Qd6 14. Be3 Nfd7 15. f4 Rd8 16. Qc2 Qb4 17. Nd3 Qb3 18. Qf2 Nc4 19. Bc1 c5 20. e5 cxd4 21. Nb5 0-0 22. Nxd4 Qb6 23. b3 Ncxe5 24. Nxe5 Nxe5 0-1

[Event "Vlissingen HZ op 16th"]
[Site "Vlissingen"]
[Date "2012.08.06"]
[Round "4"]
[White "Go, Benjamin"]
[Black "Onrust, Benny"]
[Result "1-0"]
[WhiteElo "2169"]
[BlackElo "1969"]
[PlyCount "83"]
[EventDate "2012.08.04"]
[EventType "swiss"]
[EventRounds "9"]
[EventCountry "NED"]
[SourceTitle "CBM 149 Extra"]
[Source "ChessBase"]
[SourceDate "2012.08.24"]
[SourceVersion "1"]
[SourceVersionDate "2012.08.24"]
[SourceQuality "1"]

1. e4 e5 2. Nf3 Nf6 3. Nxe5 d6 4. Nxf7 Kxf7 5. d4 g6 6. Nc3 Kg7 7. Bd3 Nc6 8. d5 Ne5 9. Be2 c6 10. f4 Nf7 11. Be3 Be7 12. Bd4 Re8 13. dxc6 bxc6 14. e5 Nd5 15. Nxd5 cxd5 16. e6+ Bf6 17. Bxf6+ Qxf6 18. exf7 Ba6 19. fxe8N+ Rxe8 20. 0-0 Bxe2 21. Qxd5 Bxf1 22. Rxf1 Qxb2 23. Qxd6 Qxa2 24. f5 gxf5 25. Qg3+ Kf6 26. Qh4+ Kg6 27. g4 Kg7 28. Qg5+ Kh8 29. Qf6+ Kg8 30. Qg5+ Kh8 31. Qf6+ Kg8 32. Rxf5 Qb1+ 33. Kg2 Qxc2+ 34. Kh3 Re3+ 35. Kh4 Qxh2+ 36. Kg5 Qb8 37. Qf7+ Kh8 38. Qf6+ Kg8 39. Rd5 Re8 40. Kh6 Qh2+ 41. Rh5 Qd2+ 42. Rg5+ 1-0

[Event "Vlissingen HZ op 16th"]
[Site "Vlissingen"]
[Date "2012.08.05"]
[Round "3"]
[White "Van der Werff, Frank"]
[Black "Go, Benjamin"]
[Result "0-1"]
[WhiteElo "1909"]
[BlackElo "2169"]
[PlyCount "52"]
[EventDate "2012.08.04"]
[EventType "swiss"]
[EventRounds "9"]
[EventCountry "NED"]
[SourceTitle "CBM 149 Extra"]
[Source "ChessBase"]
[SourceDate "2012.08.24"]
[SourceVersion "1"]
[SourceVersionDate "2012.08.24"]
[SourceQuality "1"]

1. e4 d6 2. d4 Nf6 3. Nc3 g6 4. f3 Bg7 5. Be3 c6 6. Qd2 b5 7. 0-0-0 a5 8. a4 bxa4 9. Nxa4 Bd7 10. e5 Nd5 11. exd6 exd6 12. Bh6 0-0 13. Bxg7 Kxg7 14. h4 h5 15. g4 Rh8 16. c4 Nb4 17. c5 hxg4 18. Bc4 d5 19. Be2 Rxh4 20. Rxh4 Qxh4 21. fxg4 N8a6 22. Nb6 Rd8 23. Nxd7 Rxd7 24. Nf3 Qh3 25. Qf4 Re7 26. Bf1 Qxf1 0-1

[Event "Dieren op"]
[Site "Dieren"]
[Date "2012.07.26"]
[Round "3"]
[White "Go, Benjamin"]
[Black "Vogel, Jaap"]
[Result "1/2-1/2"]
[WhiteElo "2164"]
[BlackElo "2179"]
[PlyCount "126"]
[EventDate "2012.07.24"]
[EventType "swiss"]
[EventRounds "9"]
[EventCountry "NED"]
[SourceTitle "CBM 149 Extra"]
[Source "ChessBase"]
[SourceDate "2012.08.24"]
[SourceVersion "1"]
[SourceVersionDate "2012.08.24"]
[SourceQuality "1"]

1. e4 e6 2. Nf3 d5 3. Nc3 Nf6 4. e5 Nfd7 5. d4 c5 6. dxc5 Nc6 7. Bf4 a6 8. Qd2 Nxc5 9. 0-0-0 Be7 10. Qe3 b5 11. h4 Bb7 12. Nd4 Nxd4 13. Rxd4 Qb6 14. Rd1 h6 15. Rh3 0-0-0 16. Kb1 b4 17. Ne2 Kb8 18. Nc1 Qc7 19. Qd4 Nd7 20. Nb3 Rc8 21. c3 Qb6 22. cxb4 Bxb4 23. Be3 Qxd4 24. Bxd4 f6 25. f4 fxe5 26. fxe5 Rhf8 27. Rg3 Rf7 28. Be2 Ka8 29. Bh5 Rf4 30. Rxg7 Rxh4 31. g4 Nc5 32. Bxc5 Bxc5 33. Na5 Bc6 34. Nxc6 Rxc6 35. Rc1 a5 36. Be8 Rc8 37. Bd7 Rc7 38. Rg8+ Ka7 39. Bxe6 d4 40. Bf5 Rh2 41. e6 Re2 42. Rd8 Re5 43. Rxd4 h5 44. Rdc4 Kb6 45. Rh1 hxg4 46. Bxg4 Rg7 47. Rh6 Be7 48. Rh8 Rc5 49. Rxc5 Kxc5 50. Bf3 Rg3 51. Bb7 Re3 52. Rh5+ Kc4 53. Ba6+ Kd4 54. Rxa5 Rxe6 55. a3 Rb6 56. Ra4+ Ke3 57. Bc4 Bf6 58. b4 Kd2 59. Ra6 Rxa6 60. Bxa6 Kc3 61. Ka2 Be7 62. Bc8 Bxb4 63. axb4 Kxb4 1/2-1/2

[Event "Dieren op"]
[Site "Dieren"]
[Date "2012.07.25"]
[Round "2"]
[White "Vereggen, Lars"]
[Black "Go, Benjamin"]
[Result "1/2-1/2"]
[WhiteElo "2051"]
[BlackElo "2164"]
[PlyCount "117"]
[EventDate "2012.07.24"]
[EventType "swiss"]
[EventRounds "9"]
[EventCountry "NED"]
[SourceTitle "CBM 149 Extra"]
[Source "ChessBase"]
[SourceDate "2012.08.24"]
[SourceVersion "1"]
[SourceVersionDate "2012.08.24"]
[SourceQuality "1"]

1. e4 Nf6 2. e5 Nd5 3. d4 d6 4. Nf3 Nc6 5. c4 Nb6 6. e6 fxe6 7. Nc3 g6 8. Be3 Bg7 9. h4 0-0 10. h5 e5 11. d5 Nd4 12. Nxd4 exd4 13. Bxd4 Bxd4 14. Qxd4 e5 15. dxe6 Qf6 16. Qxf6 Rxf6 17. e7 Re6+ 18. Kd2 Rxe7 19. hxg6 hxg6 20. Bd3 Be6 21. b3 d5 22. cxd5 Bxd5 23. Rh6 Bf7 24. Rah1 Kg7 25. Ne4 Rd8 26. Rh7+ Kf8 27. Rh8+ Bg8 28. Nf6 Rg7 29. Nxg8 Rxg8 30. Rxg8+ Kxg8 31. Rh6 Kf7 32. Rh7+ Kf6 33. Rxc7 Nd5 34. Rc4 g5 35. g3 Rd6 36. Kc2 Ke5 37. Re4+ Kf6 38. a3 a6 39. b4 Nc7 40. Bc4 Na8 41. Bb3 Nb6 42. Re3 Nd7 43. Rf3+ Ke5 44. Rf7 b6 45. f4+ gxf4 46. gxf4+ Ke4 47. f5 Nf6 48. Be6 Ng4 49. Ra7 Ne3+ 50. Kb3 b5 51. Rd7 Rxd7 52. Bxd7 Nxf5 53. Bc8 Nd6 54. Bxa6 Kd5 55. Kc3 Kc6 56. Kd4 Kb6 57. Kd5 Nc4 58. a4 Kxa6 59. axb5+ 1/2-1/2

[Event "Amsterdam Science Park op-A 2nd"]
[Site "Amsterdam"]
[Date "2012.07.22"]
[Round "9"]
[White "Padurariu, Ioana Smaranda"]
[Black "Go, Benjamin"]
[Result "0-1"]
[WhiteElo "2245"]
[BlackElo "2164"]
[PlyCount "58"]
[EventDate "2012.07.14"]
[EventType "swiss"]
[EventRounds "9"]
[EventCountry "NED"]
[SourceTitle "CBM 149 Extra"]
[Source "ChessBase"]
[SourceDate "2012.08.24"]
[SourceVersion "1"]
[SourceVersionDate "2012.08.24"]
[SourceQuality "1"]

1. e4 Nf6 2. e5 Nd5 3. d4 d6 4. Nf3 Nc6 5. exd6 exd6 6. c4 Nf6 7. Be2 d5 8. c5 Be7 9. 0-0 0-0 10. Nc3 Ne4 11. h3 Be6 12. Bf4 f5 13. Nb5 Rc8 14. Ne5 Nxe5 15. Bxe5 c6 16. Nc3 b6 17. cxb6 axb6 18. f3 Nd6 19. Re1 Bh4 20. g3 Qg5 21. Bf4 Qg6 22. Kh2 Bxg3+ 23. Bxg3 f4 24. Bf2 Bxh3 25. Kxh3 Rf5 26. Bh4 Rh5 27. Rg1 Rxh4+ 28. Kxh4 Nf5+ 29. Kh3 Qh5+ 0-1

[Event "Hoogeveen Unive op 15th"]
[Site "Hoogeveen"]
[Date "2011.10.20"]
[Round "7"]
[White "Kollen, Zyon"]
[Black "Go, Benjamin"]
[Result "1/2-1/2"]
[WhiteElo "2112"]
[BlackElo "2153"]
[PlyCount "79"]
[EventDate "2011.10.14"]
[EventType "swiss"]
[EventRounds "9"]
[EventCountry "NED"]
[SourceTitle "CBM 144 Extra"]
[Source "ChessBase"]
[SourceDate "2011.10.28"]
[SourceVersion "1"]
[SourceVersionDate "2011.10.28"]
[SourceQuality "1"]

1. e4 e5 2. Nf3 Nc6 3. Bb5 a6 4. Bxc6 dxc6 5. 0-0 Bg4 6. h3 h5 7. d3 Qf6 8. Re1 Bc5 9. Be3 Bxf3 10. Qxf3 Qxf3 11. gxf3 Bd6 12. Nd2 Ne7 13. Nc4 0-0-0 14. f4 exf4 15. Nxd6+ cxd6 16. Bxf4 g5 17. Bd2 Rhg8 18. Kh2 Rg6 19. Rg1 Rdg8 20. Rg3 Kd7 21. Rag1 f6 22. f3 Ke6 23. R1g2 Kf7 24. Kg1 R6g7 25. Kf2 Ng6 26. Rg1 Nf4 27. Bxf4 gxf4 28. Rxg7+ Rxg7 29. Rxg7+ Kxg7 30. d4 Kg6 31. h4 Kf7 32. Ke2 Ke6 33. Kd3 Kd7 34. a4 b6 35. b4 Ke6 36. c3 Kd7 37. c4 c5 38. bxc5 bxc5 39. dxc5 dxc5 40. a5 1/2-1/2

[Event "Hoogeveen Unive op 15th"]
[Site "Hoogeveen"]
[Date "2011.10.18"]
[Round "5"]
[White "Maatman, Nick"]
[Black "Go, Benjamin"]
[Result "1/2-1/2"]
[WhiteElo "1980"]
[BlackElo "2153"]
[PlyCount "110"]
[EventDate "2011.10.14"]
[EventType "swiss"]
[EventRounds "9"]
[EventCountry "NED"]
[SourceTitle "CBM 144 Extra"]
[Source "ChessBase"]
[SourceDate "2011.10.28"]
[SourceVersion "1"]
[SourceVersionDate "2011.10.28"]
[SourceQuality "1"]

1. e4 d6 2. d4 Nf6 3. Nc3 g6 4. f4 Bg7 5. Nf3 c5 6. dxc5 Qa5 7. Qd4 0-0 8. Bd2 Nc6 9. Qc4 Be6 10. Nd5 Qd8 11. Rd1 Rc8 12. Bc3 b6 13. Bxf6 Bxf6 14. Nxf6+ exf6 15. Qc3 bxc5 16. Be2 Bg4 17. 0-0 Re8 18. Qd3 Qb6 19. Qb5 Rxe4 20. Qxb6 axb6 21. Kf2 Rce8 22. Bb5 Rc8 23. Rxd6 Re6 24. Rxc6 Rexc6 25. Bxc6 Rxc6 26. Rd1 Kf8 27. c3 Be6 28. a3 h6 29. Rd2 Bc4 30. g3 Re6 31. Ne1 Ke7 32. Ng2 Rd6 33. Rxd6 Kxd6 34. Ne3 Be6 35. Ke2 f5 36. c4 Kc6 37. Kd3 f6 38. Kc3 Bf7 39. b4 Be6 40. b5+ Kd6 41. Nc2 Bc8 42. Na1 Bb7 43. Nb3 Bf3 44. a4 Kc7 45. a5 Kb7 46. axb6 Kxb6 47. Nc1 Be4 48. Nd3 Bxd3 49. Kxd3 h5 50. h4 Kb7 51. Kc3 Ka7 52. Kb3 Kb7 53. Ka3 Ka7 54. Ka4 Kb6 55. Kb3 Kb7 1/2-1/2